[Event "HUN Team League Csongrad 2016-2017 R 1â€"]
[Site "?"]
[Date "2016.10.02"]
[Round "1.1"]
[White "Farkas, Janos"]
[Black "Berczi, Peter"]
[Result "0-1"]
[WhiteElo "1870"]
[BlackElo "1965"]
[PlyCount "62"]
[EventDate "2016.10.02"]

1. e4 d6 2. d4 Nf6 3. Bd3 g6 4. Bg5 Bg7 5. Nd2 O-O 6. Qe2 c6 7. O-O-O b5 8. Kb1
a5 9. e5 dxe5 10. dxe5 Nd5 11. Be4 Qc7 12. Bxd5 cxd5 13. f4 b4 14. g4 a4 15. h3
a3 16. Qb5 Na6 17. Ngf3 axb2 18. Nb3 e6 19. Bh4 Bd7 20. Qd3 Nc5 21. Qd4 Na4 22.
Rd3 Nc3+ 23. Rxc3 bxc3 24. Be7 Rfc8 25. a3 Bf8 26. Bxf8 Rxf8 27. f5 Rxa3 28.
Qf4 Ra1+ 29. Nxa1 bxa1=R+ 30. Kxa1 Qa5+ 31. Kb1 Rb8+ 0-1

[Event "HUN Team League Csongrad 2016-2017 R 1â€"]
[Site "?"]
[Date "2016.10.02"]
[Round "1.1"]
[White "Tenk, Zoltan"]
[Black "Bodo, Imre"]
[Result "0-1"]
[WhiteElo "1899"]
[BlackElo "1798"]
[PlyCount "60"]
[EventDate "2016.10.02"]

1. d4 d5 2. Nf3 Bf5 3. e3 Nf6 4. c4 e6 5. Nc3 h6 6. Bd3 Bxd3 7. Qxd3 c6 8. O-O
Be7 9. e4 dxc4 10. Qxc4 Nbd7 11. Bf4 Rc8 12. Rad1 Qa5 13. Rfe1 O-O 14. a3 Rfe8
15. Qd3 c5 16. d5 c4 17. Qd2 Nc5 18. d6 Bf8 19. Ne5 Ncd7 20. Nxd7 Nxd7 21. e5
Red8 22. Qe3 Nc5 23. Bxh6 gxh6 24. Rd4 Bg7 25. Rg4 Kh7 26. Rxg7+ Kxg7 27. Qf3
Nd7 28. Re4 Nxe5 29. Qh5 Rc5 30. Rh4 Rh8 0-1

[Event "HUN Team League Csongrad 2016-2017 R 1â€"]
[Site "?"]
[Date "2016.10.02"]
[Round "1.1"]
[White "Arato, Daniel"]
[Black "Blazsik, Zoltan"]
[Result "0-1"]
[WhiteElo "1647"]
[BlackElo "1821"]
[PlyCount "66"]
[EventDate "2016.10.02"]

1. d4 Nf6 2. c4 e6 3. Nc3 d5 4. Nf3 Be7 5. Bg5 Nbd7 6. e3 O-O 7. Qc2 b6 8. cxd5
exd5 9. Bd3 Bb7 10. O-O Re8 11. Rfc1 Rc8 12. Nb5 c5 13. Nxa7 Ra8 14. Nb5 c4 15.
Bf5 g6 16. Bh3 Bc6 17. Nc3 b5 18. a3 Qa5 19. Rab1 b4 20. axb4 Bxb4 21. b3 Bxc3
22. Qxc3 Qxc3 23. Rxc3 Ne4 24. Rc2 Reb8 25. b4 Rxb4 26. Rbc1 c3 27. Bxd7 Bxd7
28. Ne5 Ba4 29. Nd3 Rbb8 30. Bf4 Bxc2 31. Bxb8 Bxd3 32. f3 Rxb8 33. fxe4 c2 0-1

[Event "HUN Team League Csongrad 2016-2017 R 1â€"]
[Site "?"]
[Date "2016.10.02"]
[Round "1.1"]
[White "Pluhar, Andras"]
[Black "Venicz, Levente"]
[Result "1-0"]
[WhiteElo "1793"]
[BlackElo "1482"]
[PlyCount "67"]
[EventDate "2016.10.02"]

1. e4 e5 2. Nf3 Nc6 3. Bb5 d6 4. d4 exd4 5. Qxd4 Bd7 6. Bxc6 Bxc6 7. Nc3 Nf6 8.
O-O Be7 9. b3 O-O 10. Bb2 Re8 11. Rad1 Bf8 12. Rfe1 h6 13. h3 b6 14. Qc4 Qd7
15. Nd5 Nxd5 16. exd5 Bb7 17. Qd3 Re7 18. Rxe7 Qxe7 19. Re1 Qd7 20. c4 Re8 21.
Qc3 Rxe1+ 22. Qxe1 Qe7 23. Qc3 Bc8 24. a4 a5 25. Nd4 Qg5 26. Nb5 Qe7 27. Qe3
Qd7 28. Nd4 Ba6 29. Qf4 Qe7 30. Qg3 Qd8 31. Nf5 Qd7 32. Nxg7 Bc8 33. Ne6+ Kh7
34. Nxf8# 1-0

[Event "HUN Team League Csongrad 2016-2017 R 1â€"]
[Site "?"]
[Date "2016.10.02"]
[Round "1.1"]
[White "Megyaszai, Balazs"]
[Black "Koszta, Benedek"]
[Result "0-1"]
[WhiteElo "1363"]
[BlackElo "1719"]
[PlyCount "65"]
[EventDate "2016.10.02"]

1. e4 c5 2. Nf3 d6 3. d4 cxd4 4. Nxd4 Nf6 5. Nc3 a6 6. Bc4 e6 7. f3 b5 8. Bb3
Be7 9. Be3 Qc7 10. Qd2 Nbd7 11. g4 Nb6 12. O-O-O Nc4 13. Bxc4 bxc4 14. b3 Rb8
15. h4 Nd7 16. g5 Ne5 17. f4 Nc6 18. h5 Nxd4 19. Bxd4 cxb3 20. cxb3 e5 21. Be3
Bb7 22. Kb1 Rc8 23. Rc1 Qb8 24. f5 Rxc3 25. Qxc3 Bxe4+ 26. Ka1 Bxh1 27. Qc8+
Qxc8 28. Rxc8+ Bd8 29. Bb6 Kd7 30. Rxd8+ Rxd8 31. Bxd8 Kxd8 32. g6 fxg6 33.
fxg6 0-1

[Event "HUN Team League Csongrad 2016-2017 R 1â€"]
[Site "?"]
[Date "2016.10.02"]
[Round "1.1"]
[White "Boa, Bence"]
[Black "Elekes, Lajos"]
[Result "1-0"]
[WhiteElo "1717"]
[BlackElo "1356"]
[PlyCount "57"]
[EventDate "2016.10.02"]

1. d4 d5 2. c4 dxc4 3. Nc3 Bd7 4. e4 b5 5. g3 e6 6. Bg2 c6 7. Nf3 Qa5 8. O-O
Bb4 9. Bd2 Na6 10. a3 Bxc3 11. Bxc3 Qd8 12. Ne5 Rc8 13. d5 cxd5 14. exd5 Nf6
15. dxe6 fxe6 16. Bb7 Nc5 17. Bxc8 Qxc8 18. Nxd7 Ncxd7 19. Re1 Qc6 20. Qe2 Kf7
21. Rad1 Re8 22. Qe3 a6 23. Qf4 Kg8 24. Rd6 Qc8 25. Rdxe6 Rf8 26. Qg5 Qc5 27.
Bxf6 Rxf6 28. Rxf6 Qxg5 29. Re8+ 1-0

[Event "HUN Team League Csongrad 2016-2017 R 1â€"]
[Site "?"]
[Date "2016.10.02"]
[Round "1.1"]
[White "Keller, Peter"]
[Black "Balogh, Judit Dora"]
[Result "0-1"]
[WhiteElo "1354"]
[BlackElo "1648"]
[PlyCount "94"]
[EventDate "2016.10.02"]

1. e4 c5 2. Nf3 Nc6 3. d4 cxd4 4. Nxd4 Nf6 5. Nc3 e5 6. Ndb5 d6 7. Bg5 a6 8.
Na3 Be6 9. Nc4 b5 10. Ne3 h6 11. Bxf6 Qxf6 12. Ncd5 Qd8 13. Qd2 Ne7 14. O-O-O
Nxd5 15. Nxd5 Bxd5 16. exd5 Be7 17. Kb1 O-O 18. Bd3 Rc8 19. Rhe1 Qb6 20. f4 Bf6
21. f5 Rc5 22. Be4 b4 23. Qd3 Rfc8 24. Re2 a5 25. a3 a4 26. axb4 Qxb4 27. Qa3
Qxa3 28. bxa3 Bd8 29. Ka2 Ba5 30. Rb1 Bc3 31. Rb6 Rc4 32. Rc6 Kf8 33. h4 Ke7
34. g4 Kd7 35. Bd3 R4xc6 36. dxc6+ Kxc6 37. Re4 Bd4 38. Re1 Rb8 39. g5 hxg5 40.
hxg5 Rb2+ 41. Ka1 Rxc2+ 42. Kb1 Rb2+ 43. Kc1 Ra2 44. Bc4 Ra1+ 45. Kd2 Bc3+ 46.
Kxc3 Rxe1 47. Bxf7 Kc5 0-1

[Event "HUN Team League Csongrad 2016-2017 R 1â€"]
[Site "?"]
[Date "2016.10.02"]
[Round "1.1"]
[White "Gyemant, Karoly"]
[Black "Kis, Izabella"]
[Result "1-0"]
[WhiteElo "1617"]
[BlackElo "1197"]
[PlyCount "199"]
[EventDate "2016.10.02"]

1. e4 e5 2. c4 Bc5 3. Nf3 d6 4. d3 Nc6 5. Nc3 Bg4 6. Be2 Nf6 7. O-O O-O 8. Na4
Bb6 9. Nxb6 axb6 10. a4 Qd7 11. Ne1 Bxe2 12. Qxe2 Nd4 13. Qd1 c6 14. b4 b5 15.
cxb5 cxb5 16. a5 Ne8 17. Nf3 Nxf3+ 18. Qxf3 f5 19. Qh3 Rc8 20. f4 g6 21. fxe5
dxe5 22. exf5 Rxf5 23. Be3 Qxd3 24. Rxf5 Qxf5 25. Qxf5 gxf5 26. Bc5 Kf7 27. a6
bxa6 28. Rxa6 Rb8 29. Rh6 Nf6 30. Bd6 Re8 31. h3 Re6 32. Bc5 Kg7 33. Rh4 Kg6
34. g3 Kg5 35. Bf8 Nh5 36. Kf2 e4 37. Bc5 Re5 38. Be3+ Kg6 39. g4 fxg4 40. hxg4
Nf6 41. g5 Nh5 42. Rh1 Rf5+ 43. Ke1 Rf3 44. Kd2 Ng3 45. Rh6+ Kg7 46. Bd4+ Kg8
47. Rd6 Rd3+ 48. Ke1 Nf5 49. Rd8+ Kf7 50. Bf6 Rb3 51. Rd5 Rxb4 52. Rxf5 Kg6 53.
Re5 h6 54. Be7 Rd4 55. Rxb5 hxg5 56. Rxg5+ Kf7 57. Re5 Kg8 58. Ke2 Kf7 59. Ke3
Ra4 60. Kf4 Ke8 61. Kf5 Kd7 62. Bf6 Kc6 63. Ke6 Kc7 64. Rc5+ Kb6 65. Be7 e3 66.
Re5 Rc4 67. Rxe3 Rc6+ 68. Bd6 Kb7 69. Kd5 Rb6 70. Re7+ Ka6 71. Bc5 Rb7 72. Re6+
Kb5 73. Re1 Rd7+ 74. Bd6 Rb7 75. Rc1 Rb6 76. Bc5 Rb7 77. Rc3 Rd7+ 78. Ke5 Rc7
79. Kd6 Rc8 80. Kd5 Rc7 81. Rb3+ Ka4 82. Rb1 Rh7 83. Kc4 Rh4+ 84. Bd4 Rh3 85.
Rb4+ Ka3 86. Rb7 Ka2 87. Rb2+ Ka3 88. Rd2 Rh4 89. Rd1 Rh2 90. Ra1+ Ra2 91. Rb1
Ka4 92. Rb8 Rc2+ 93. Bc3 Rxc3+ 94. Kxc3 Ka5 95. Kc4 Ka6 96. Kc5 Ka7 97. Rb6 Ka8
98. Kc6 Ka7 99. Kc7 Ka8 100. Ra6# 1-0

[Event "HUN Team League Csongrad 2016-2017 R 1â€"]
[Site "?"]
[Date "2016.10.02"]
[Round "1.2"]
[White "Szabo, Zoltan"]
[Black "Martonosi, Adam"]
[Result "0-1"]
[WhiteElo "1820"]
[BlackElo "1844"]
[PlyCount "70"]
[EventDate "2016.10.02"]

1. e4 g6 2. d4 c5 3. Nf3 Bg7 4. g3 cxd4 5. Nxd4 Nc6 6. c3 Nf6 7. Bg2 O-O 8. O-O
d6 9. Nd2 Bd7 10. N2b3 Qc7 11. Bd2 Ne5 12. Qc2 Ba4 13. Rac1 Nc4 14. Rfd1 Nd7
15. Bf1 Rac8 16. Be1 Nde5 17. Qe2 h5 18. f4 Ng4 19. Qxc4 Qxc4 20. Bxc4 Rxc4 21.
Bf2 e5 22. fxe5 dxe5 23. Nc2 Nxf2 24. Kxf2 f5 25. exf5 Rxf5+ 26. Kg1 Bh6 27.
Rd8+ Kf7 28. Re1 h4 29. Ne3 Bxe3+ 30. Rxe3 hxg3 31. hxg3 Rg4 32. Nc5 Bc6 33. b4
Rgg5 34. Nxb7 Ke7 35. Rb8 Rh5 0-1

[Event "HUN Team League Csongrad 2016-2017 R 1â€"]
[Site "?"]
[Date "2016.10.02"]
[Round "1.2"]
[White "Csibor, Andras"]
[Black "Toth, Sandor Sr"]
[Result "0-1"]
[WhiteElo "1827"]
[BlackElo "1794"]
[PlyCount "112"]
[EventDate "2016.10.02"]

1. d4 d5 2. Nc3 Nf6 3. Bg5 e6 4. e4 dxe4 5. Bxf6 Qxf6 6. Nxe4 Qd8 7. Nf3 Be7 8.
Bd3 O-O 9. O-O b6 10. c3 Bb7 11. Qc2 Nd7 12. Nfd2 g6 13. Rad1 c5 14. dxc5 Nxc5
15. Nxc5 Bxc5 16. Be4 Qc7 17. Bxb7 Qxb7 18. Ne4 Be7 19. Rd2 Rfd8 20. Rfd1 Rxd2
21. Rxd2 Rd8 22. Rxd8+ Bxd8 23. Qd3 Be7 24. f3 Qc6 25. b3 a5 26. h3 f5 27. Nd2
b5 28. c4 bxc4 29. Qxc4 Qd6 30. Nf1 Qb6+ 31. Kh1 Kf7 32. Qe2 Qd4 33. Qd2 Qa1
34. Qe2 Bc5 35. g3 Qd4 36. Qg2 e5 37. g4 Ke6 38. gxf5+ gxf5 39. Qg8+ Kd6 40.
Qd8+ Kc6 41. Qxd4 Bxd4 42. Ng3 f4 43. Ne4 Kb5 44. Nf6 h6 45. a3 Bb2 46. Kg2
Bxa3 47. Ng4 Bd6 48. Nxh6 Kb4 49. Nf5 Bf8 50. h4 Kxb3 51. h5 a4 52. h6 Bxh6 53.
Nxh6 Kc4 54. Nf5 a3 55. Nd6+ Kc5 56. Ne4+ Kd4 0-1

[Event "HUN Team League Csongrad 2016-2017 R 1â€"]
[Site "?"]
[Date "2016.10.02"]
[Round "1.2"]
[White "Molnar, Jeno"]
[Black "Kralik, Attila"]
[Result "1/2-1/2"]
[WhiteElo "1688"]
[BlackElo "1817"]
[PlyCount "78"]
[EventDate "2016.10.02"]

1. e4 g6 2. d4 Bg7 3. Bc4 d6 4. c3 Nf6 5. Nd2 O-O 6. Ngf3 Nbd7 7. O-O c5 8. Re1
cxd4 9. cxd4 e6 10. Nf1 Nb6 11. Bb3 h6 12. Bd2 a5 13. a4 d5 14. e5 Ne4 15. Be3
Bd7 16. N1d2 Nxd2 17. Nxd2 Nc8 18. Bc2 Ne7 19. Nf3 Nf5 20. Bxf5 gxf5 21. Rc1
Qb6 22. b3 Kh7 23. Qd3 Rg8 24. Rc5 Bf8 25. Rc2 Rg6 26. Nh4 Rg4 27. g3 Be7 28.
Ng2 Rag8 29. f3 R4g7 30. Nf4 Rg5 31. Nxd5 exd5 32. Bxg5 Rxg5 33. f4 Rg6 34.
Rec1 Bc6 35. Kf1 Ba3 36. Re1 Bd7 37. Ra1 Bb4 38. Rac1 Ba3 39. Ra1 Bb4 1/2-1/2

[Event "HUN Team League Csongrad 2016-2017 R 1â€"]
[Site "?"]
[Date "2016.10.02"]
[Round "1.2"]
[White "Balassy, Gabor"]
[Black "Imreh, Csanad"]
[Result "1-0"]
[WhiteElo "1804"]
[BlackElo "1692"]
[PlyCount "97"]
[EventDate "2016.10.02"]

1. e4 e6 2. d4 d5 3. Nd2 dxe4 4. Nxe4 Nf6 5. Bd3 h6 6. Nf3 Nc6 7. Bf4 Bd7 8. c3
Be7 9. h3 a6 10. a4 Rb8 11. O-O Nd5 12. Bg3 O-O 13. Bc2 f5 14. Ned2 Bg5 15. Be5
Bf6 16. Re1 Nde7 17. Bb3 Ng6 18. Bh2 Re8 19. Qc2 Kh7 20. Nc4 Bg5 21. Nce5 Bf4
22. Nxg6 Bxh2+ 23. Kxh2 Kxg6 24. Ne5+ Nxe5 25. Rxe5 Qf6 26. Rae1 Kh7 27. Qe2
Qg5 28. Bxe6 Bxe6 29. Rxe6 Rxe6 30. Qxe6 Qf4+ 31. Kg1 Rg8 32. Re3 g6 33. Qe5
Qxe5 34. Rxe5 Rg7 35. Kf1 Rd7 36. Ke2 Kg7 37. Kd3 Kf6 38. b4 b6 39. c4 c6 40.
a5 b5 41. cxb5 cxb5 42. Rc5 Rd6 43. f4 h5 44. d5 Ke7 45. Kd4 Kd7 46. Ke5 Ke7
47. Rc7+ Rd7 48. Rxd7+ Kxd7 49. d6 1-0

[Event "HUN Team League Csongrad 2016-2017 R 1â€"]
[Site "?"]
[Date "2016.10.02"]
[Round "1.2"]
[White "Jurasits, Miklos"]
[Black "Vass, Szabolcs"]
[Result "1-0"]
[WhiteElo "1668"]
[BlackElo "1687"]
[PlyCount "67"]
[EventDate "2016.10.02"]

1. e4 e5 2. f4 exf4 3. Nf3 Bc5 4. d4 Bb6 5. Bc4 c6 6. Bxf7+ Kxf7 7. Ne5+ Kf8 8.
Bxf4 Qh4+ 9. g3 Qe7 10. O-O Nf6 11. Nc4 Ke8 12. Bd6 Qe6 13. Nxb6 axb6 14. e5
Ne4 15. Nd2 Nxd6 16. exd6 Qxd6 17. Nc4 Qb4 18. Qh5+ Kd8 19. Qg5+ Qe7 20. Qf4
Na6 21. Nd6 Rf8 22. Qxf8+ Qxf8 23. Rxf8+ Ke7 24. Rxc8 Ra7 25. Nc4 Nb4 26. c3
Nd5 27. Re1+ Kf6 28. Rf8+ Kg5 29. a3 b5 30. Re5+ Kh6 31. Nd6 Kg6 32. h4 h6 33.
h5+ Kh7 34. Ree8 1-0

[Event "HUN Team League Csongrad 2016-2017 R 1â€"]
[Site "?"]
[Date "2016.10.02"]
[Round "1.2"]
[White "Vizhanyo Gyomorei, Jozsef"]
[Black "Filep, Miklos Sr"]
[Result "0-1"]
[WhiteElo "1547"]
[BlackElo "1565"]
[PlyCount "66"]
[EventDate "2016.10.02"]

1. g3 Nf6 2. b3 g6 3. Bb2 Bg7 4. Bg2 O-O 5. d3 c6 6. e3 d5 7. h3 Na6 8. a3 Nc7
9. Nd2 Nb5 10. Ne2 Nh5 11. Bxg7 Nxg7 12. c4 dxc4 13. dxc4 Nd6 14. g4 e5 15. Qc2
Bd7 16. Rd1 Qe7 17. Nc3 Rad8 18. Nde4 Nxe4 19. Nxe4 Bc8 20. Qb2 Rxd1+ 21. Kxd1
Rd8+ 22. Ke2 f5 23. Nc3 fxg4 24. hxg4 Bxg4+ 25. f3 Bf5 26. e4 Bc8 27. Rd1 Rd4
28. Rxd4 exd4 29. Nd1 Ne6 30. Kd3 c5 31. Qf2 Qg5 32. Bf1 Qc1 33. e5 Qxd1+ 0-1

[Event "HUN Team League Csongrad 2016-2017 R 1â€"]
[Site "?"]
[Date "2016.10.02"]
[Round "1.3"]
[White "Hajdu, Istvan"]
[Black "Retkes, Sandor"]
[Result "1-0"]
[WhiteElo "1987"]
[BlackElo "1903"]
[PlyCount "83"]
[EventDate "2016.10.02"]

1. e4 b6 2. d4 Bb7 3. Bd3 e6 4. Nf3 c5 5. O-O cxd4 6. Nxd4 Ne7 7. Bf4 Ng6 8.
Bg3 Be7 9. Nc3 O-O 10. Qh5 d6 11. f4 Nd7 12. f5 Nf6 13. Qe2 exf5 14. Nxf5 Re8
15. Bb5 Rf8 16. Rad1 Qc7 17. Nxe7+ Qxe7 18. Bxd6 Qe6 19. Bc4 Qc8 20. Bxf8 Qxf8
21. Kh1 Re8 22. Rd4 Ne5 23. Bb5 Rc8 24. Rfd1 h6 25. Ba6 Qe7 26. Bxb7 Qxb7 27.
Rd8+ Kh7 28. Rxc8 Qxc8 29. Nd5 Nfd7 30. b3 Nc5 31. c4 Qe6 32. Rf1 Ng4 33. h3
Ne5 34. Nf4 Qe7 35. Nd5 Qh4 36. Rf4 Qg3 37. Qe3 Qg6 38. Ne7 Qe6 39. Nf5 g5 40.
Rf1 Ned3 41. Qd4 f6 42. Qd6 1-0

[Event "HUN Team League Csongrad 2016-2017 R 1â€"]
[Site "?"]
[Date "2016.10.02"]
[Round "1.3"]
[White "Nagy Dani, Karoly"]
[Black "Bardos, Istvan"]
[Result "1-0"]
[WhiteElo "1830"]
[BlackElo "1965"]
[PlyCount "53"]
[EventDate "2016.10.02"]

1. d4 Nf6 2. c4 e6 3. Nc3 Bb4 4. Nf3 b6 5. Qb3 c5 6. e3 O-O 7. Be2 Bb7 8. O-O
d6 9. Rd1 Bxc3 10. bxc3 Qc7 11. Nd2 Nbd7 12. Ba3 Rfd8 13. Qc2 Bc6 14. e4 d5 15.
e5 Ne8 16. f4 g6 17. cxd5 Bxd5 18. c4 cxd4 19. Nb3 Rac8 20. Be7 b5 21. Bxd8
Qxd8 22. c5 Bxb3 23. Qxb3 Nxc5 24. Qxb5 Ng7 25. Rac1 Ne4 26. Rxc8 Qxc8 27. Qc4
1-0

[Event "HUN Team League Csongrad 2016-2017 R 1â€"]
[Site "?"]
[Date "2016.10.02"]
[Round "1.3"]
[White "Balatoni, Gyorgy"]
[Black "Ver, Imre"]
[Result "1/2-1/2"]
[WhiteElo "1761"]
[BlackElo "1816"]
[PlyCount "39"]
[EventDate "2016.10.02"]

1. c4 c5 2. Nf3 Nc6 3. Nc3 e6 4. d4 cxd4 5. Nxd4 a6 6. b3 Nf6 7. Bb2 Qc7 8. Rc1
Nxd4 9. Qxd4 Bc5 10. Qd3 Qf4 11. e3 Qg4 12. Qe2 Qg6 13. g3 O-O 14. Bg2 Rb8 15.
O-O Re8 16. Na4 Ba7 17. c5 b5 18. cxb6 Bxb6 19. Nxb6 Rxb6 20. Qc2 1/2-1/2

[Event "HUN Team League Csongrad 2016-2017 R 1â€"]
[Site "?"]
[Date "2016.10.02"]
[Round "1.3"]
[White "Sipos, Kalman"]
[Black "Patko, Lajos"]
[Result "1/2-1/2"]
[WhiteElo "1802"]
[BlackElo "1747"]
[PlyCount "125"]
[EventDate "2016.10.02"]

1. e4 e6 2. d4 d5 3. Nd2 dxe4 4. Nxe4 Nf6 5. Nxf6+ Qxf6 6. Nf3 h6 7. Be3 Bd6 8.
Bd3 Nc6 9. c3 Bd7 10. Nd2 O-O 11. Ne4 Qe7 12. O-O Nd8 13. Qh5 f5 14. Nxd6 cxd6
15. f4 Qf7 16. Qh3 Bc6 17. Be2 Kh7 18. Bf3 g6 19. b3 Rc8 20. Rac1 a6 21. Rfd1
Bxf3 22. Qxf3 d5 23. c4 Nc6 24. cxd5 exd5 25. Rc5 Ne7 26. Rdc1 b6 27. Rc7 Rxc7
28. Rxc7 Qe6 29. Kf2 Rd8 30. Qe2 Qd6 31. Qc2 Rd7 32. Rc3 Kg7 33. Bc1 Kf7 34. g3
h5 35. Bb2 Ke8 36. Qe2 Kf7 37. Qxa6 Rc7 38. Ba3 Qd7 39. Re3 Nc8 40. Qe2 Nd6 41.
Bxd6 Qxd6 42. Qb5 Re7 43. Re5 Rd7 44. b4 Qc7 45. Kg2 Rd8 46. a4 h4 47. a5 bxa5
48. bxa5 h3+ 49. Kf2 Qc2+ 50. Re2 Qc4 51. Qb6 Rc8 52. Qe6+ Kg7 53. Qe7+ Kg8 54.
Qf6 Qc6 55. Qe7 Qc4 56. Qe6+ Kg7 57. Qb6 Rc6 58. Re7+ Kh6 59. Qa7 Qc2+ 60. Re2
Qc4 61. Kf3 Qd3+ 62. Kf2 Qc4 63. Kf3 1/2-1/2

[Event "HUN Team League Csongrad 2016-2017 R 1â€"]
[Site "?"]
[Date "2016.10.02"]
[Round "1.3"]
[White "A22, Andor Dr"]
[Black "Abraham, Lajos"]
[Result "1/2-1/2"]
[WhiteElo "1683"]
[BlackElo "1680"]
[PlyCount "74"]
[EventDate "2016.10.02"]

1. c4 e5 2. Nc3 Nf6 3. a3 g6 4. d3 Bg7 5. Bg5 h6 6. Bh4 g5 7. Bg3 Nh5 8. Nf3
Nxg3 9. hxg3 d6 10. e4 Nc6 11. Be2 Be6 12. Qb3 Rb8 13. Qa4 O-O 14. Nd5 a6 15.
Qc2 Ne7 16. Ne3 Ng6 17. Nf5 Bxf5 18. exf5 Nh8 19. g4 Qf6 20. Rb1 c5 21. Nd2 Qd8
22. Ne4 f6 23. Bf3 Qa5+ 24. Nc3 Nf7 25. Bd5 Kh7 26. Ke2 Nd8 27. Qc1 Nc6 28. f3
Nd4+ 29. Kf2 b5 30. b4 Qb6 31. bxc5 Qxc5 32. Ne4 Qb6 33. Kf1 Qd8 34. Kf2 Qb6
35. Kf1 Qd8 36. Kf2 Qb6 37. Kf1 Qd8 1/2-1/2

[Event "HUN Team League Csongrad 2016-2017 R 1â€"]
[Site "?"]
[Date "2016.10.02"]
[Round "1.3"]
[White "Varga, Laszlo"]
[Black "Kozak, Janos"]
[Result "0-1"]
[WhiteElo "1709"]
[BlackElo "1567"]
[PlyCount "82"]
[EventDate "2016.10.02"]

1. e4 c6 2. Nc3 d5 3. exd5 cxd5 4. d4 Nf6 5. Nf3 Nc6 6. a3 a6 7. h3 Bf5 8. Bd3
Qd7 9. Na4 Bxd3 10. Nb6 Qd8 11. Nxa8 Bg6 12. Ne5 Qxa8 13. Nxg6 hxg6 14. Bf4 e6
15. f3 Qd8 16. Qd2 Bd6 17. O-O-O b5 18. Bxd6 Qxd6 19. Qc3 O-O 20. g4 b4 21.
axb4 Nxb4 22. Kd2 Qf4+ 23. Ke2 Rb8 24. Qc5 Nd7 25. Qa7 Qd6 26. Ra1 Rb6 27. Qa8+
Nb8 28. c3 N4c6 29. b4 Qg3 30. Ke3 g5 31. Raf1 Qf4+ 32. Kd3 g6 33. h4 gxh4 34.
Rxh4 Kg7 35. Kc2 e5 36. Rfh1 exd4 37. Rh7+ Kf6 38. g5+ Qxg5 39. R1h4 Qg2+ 40.
Kb3 Na5+ 41. Ka3 Nc4+ 0-1

[Event "HUN Team League Csongrad 2016-2017 R 1â€"]
[Site "?"]
[Date "2016.10.02"]
[Round "1.3"]
[White "Zenovitz, Otto"]
[Black "Kadnar, Emil"]
[Result "0-1"]
[WhiteElo "1526"]
[BlackElo "1666"]
[PlyCount "108"]
[EventDate "2016.10.02"]

1. Nf3 Nf6 2. g3 d6 3. Bg2 e5 4. d3 Bd7 5. O-O Nc6 6. Nbd2 h6 7. b3 Be7 8. Bb2
O-O 9. c3 Qc8 10. Ne4 Nh7 11. Qc2 f5 12. Ned2 Nf6 13. e4 f4 14. Nh4 Ng4 15. Ng6
Rf7 16. Nxe7+ Nxe7 17. Nf3 fxg3 18. hxg3 Ng6 19. Bc1 Nf6 20. Nh2 Bh3 21. f3 Nh5
22. Qf2 Qd7 23. g4 Nhf4 24. Bxf4 Nxf4 25. Qh4 Bxg2 26. Rf2 Bh3 27. d4 Qe7 28.
Qxe7 Rxe7 29. Rd1 Rf8 30. Kh1 Ref7 31. dxe5 dxe5 32. Nf1 Bxf1 33. Rfxf1 Ne2 34.
Kg2 Nxc3 35. Rd2 Nb5 36. Rd5 Nc3 37. Rxe5 Nxa2 38. Rf5 Nc3 39. Rxf7 Rxf7 40.
Rc1 Nb5 41. b4 b6 42. Kg3 Nd4 43. Rf1 Nb3 44. f4 a5 45. bxa5 Nxa5 46. e5 Nc6
47. Rd1 Re7 48. Rd5 Kf7 49. Kf3 g5 50. Ke4 gxf4 51. Kxf4 Ke6 52. Ke4 Rg7 53.
Rd1 Rxg4+ 54. Kf3 Nxe5+ 0-1

[Event "HUN Team League Csongrad 2016-2017 R 1â€"]
[Site "?"]
[Date "2016.10.02"]
[Round "1.4"]
[White "Papp, Zoltan"]
[Black "Adok, Janos"]
[Result "0-1"]
[WhiteElo "1847"]
[BlackElo "2243"]
[PlyCount "76"]
[EventDate "2016.10.02"]

1. d4 Nf6 2. f4 e6 3. Nf3 c5 4. e3 b6 5. Bd3 Bb7 6. O-O d5 7. c3 Nbd7 8. Bd2
Be7 9. Be1 Ne4 10. Nbd2 f5 11. Ne5 Nxe5 12. fxe5 O-O 13. Qe2 c4 14. Bxe4 fxe4
15. Rxf8+ Qxf8 16. Bg3 Qf5 17. Rf1 Qg6 18. Bf4 a5 19. h3 b5 20. Qg4 Qxg4 21.
hxg4 b4 22. Rb1 Bc6 23. Kf2 Rb8 24. Ke2 Ba4 25. cxb4 Bc2 26. Rc1 Bd3+ 27. Kd1
Bxb4 28. b3 c3 29. Nb1 c2+ 30. Rxc2 Bxc2+ 31. Kxc2 Rc8+ 32. Kb2 Kf7 33. a3 Be1
34. g5 Kg6 35. g4 Rc7 36. a4 Bb4 37. Na3 Bxa3+ 38. Kxa3 Rc2 0-1

[Event "HUN Team League Csongrad 2016-2017 R 1â€"]
[Site "?"]
[Date "2016.10.02"]
[Round "1.4"]
[White "Botka, Peter"]
[Black "Komocsin, Kont"]
[Result "1-0"]
[WhiteElo "2108"]
[BlackElo "1578"]
[PlyCount "81"]
[EventDate "2016.10.02"]

1. e4 c5 2. Nf3 Nc6 3. d4 cxd4 4. Nxd4 e6 5. Nb5 d6 6. Bf4 e5 7. Be3 a6 8. N5c3
Be6 9. Nd5 Bxd5 10. exd5 Nce7 11. c4 Nf6 12. Nc3 Nd7 13. Bd3 Ng6 14. O-O Be7
15. b4 Nf4 16. Bf5 b6 17. Na4 Nf6 18. Nxb6 Rb8 19. Qa4+ Kf8 20. Qxa6 Ne2+ 21.
Kh1 g6 22. Bd3 Nf4 23. Bc2 Kg7 24. a4 Ng4 25. a5 h5 26. h3 Bg5 27. c5 Nxg2 28.
Kxg2 Nxe3+ 29. fxe3 Bxe3 30. Rf3 Bd4 31. Raf1 Qg5+ 32. Kh1 dxc5 33. Rxf7+ Kh6
34. Nd7 e4 35. Bxe4 Rhg8 36. Nf6 Qg3 37. Nxg8+ Rxg8 38. R7f3 Qh4 39. Qe6 Qg5
40. Qxg8 c4 41. Qxg6+ 1-0

[Event "HUN Team League Csongrad 2016-2017 R 1â€"]
[Site "?"]
[Date "2016.10.02"]
[Round "1.4"]
[White "Katai, Csaba"]
[Black "Borsi, Imre"]
[Result "0-1"]
[WhiteElo "1672"]
[BlackElo "2066"]
[PlyCount "60"]
[EventDate "2016.10.02"]

1. e4 c5 2. Bc4 e6 3. Nc3 Nc6 4. Nf3 f5 5. d3 Be7 6. Bf4 a6 7. a4 Nf6 8. O-O
fxe4 9. dxe4 O-O 10. Re1 b6 11. Nd5 Nxd5 12. exd5 Rxf4 13. b3 Na5 14. Bf1 Bb7
15. dxe6 dxe6 16. Rxe6 Bf6 17. Rb1 Bd5 18. Re3 Nc6 19. Rd3 Nb4 20. Re3 Bxf3 21.
gxf3 Qxd1 22. Rxd1 Nxc2 23. Re6 Nd4 24. Rxb6 Nxf3+ 25. Kg2 Nh4+ 26. Kh1 Rxf2
27. Rbd6 Bd4 28. b4 Raf8 29. Bc4+ Kh8 30. bxc5 Nf3 0-1

[Event "HUN Team League Csongrad 2016-2017 R 1â€"]
[Site "?"]
[Date "2016.10.02"]
[Round "1.4"]
[White "Abraham, Zoltan"]
[Black "Nagy, Zoltan"]
[Result "1-0"]
[WhiteElo "1929"]
[BlackElo "1685"]
[PlyCount "53"]
[EventDate "2016.10.02"]

1. d4 d5 2. Nf3 Nc6 3. Bf4 Bf5 4. c3 h6 5. e3 a6 6. h3 Nf6 7. Nbd2 Ne4 8. Ne5
Nxe5 9. Bxe5 Nxd2 10. Qxd2 e6 11. Be2 f6 12. Bh2 Bd6 13. g4 Bg6 14. Bd3 Bxd3
15. Qxd3 O-O 16. f4 f5 17. Bg3 Be7 18. O-O-O Bh4 19. Rdg1 Bxg3 20. Rxg3 Rf7 21.
g5 g6 22. gxh6 Kh7 23. Rhg1 Rf6 24. h4 Kxh6 25. h5 gxh5 26. Rg5 Qe8 27. Qe2 1-0

[Event "HUN Team League Csongrad 2016-2017 R 1â€"]
[Site "?"]
[Date "2016.10.02"]
[Round "1.4"]
[White "Heintz, Sebestyen"]
[Black "Buzas, Andras"]
[Result "1-0"]
[WhiteElo "1681"]
[BlackElo "1780"]
[PlyCount "85"]
[EventDate "2016.10.02"]

1. e4 c5 2. Nf3 d6 3. b3 a6 4. a4 Nc6 5. Bb2 Bg4 6. Be2 Nf6 7. Nc3 Qd7 8. h3
Bh5 9. d3 e6 10. O-O Be7 11. Nd2 Bxe2 12. Nxe2 Rb8 13. Nc4 b5 14. axb5 axb5 15.
Ne3 O-O 16. Ng3 Rfd8 17. Ng4 e5 18. Nf5 c4 19. f4 Nxg4 20. Qxg4 Bf8 21. fxe5
Qe6 22. exd6 g6 23. Qg5 Rd7 24. Nh6+ Bxh6 25. Qxh6 f5 26. Rxf5 cxd3 27. Raf1
Qe8 28. R5f2 dxc2 29. Rxc2 Qxe4 30. Rc5 Nd4 31. Rc7 Nf5 32. Qg5 Rbd8 33. Qf6
Qe3+ 34. Kh2 Qg3+ 35. Kh1 Qxd6 36. Qh8+ Kf7 37. Qxh7+ Ke8 38. Qg8+ Qf8 39. Re1+
Re7 40. Qxg6+ Qf7 41. Qc6+ Kf8 42. Ba3 Nd6 43. Bxd6 1-0